Cultivos energéticos: una apuesta de futuro
Сохранить в:
| Главный автор: | |
|---|---|
| Формат: | |
| Язык: | испанский |
| Опубликовано: |
Santiago
Universidad de Chile
2009
|
| Предметы: | |
| Метки: |
Добавить метку
Нет меток, Требуется 1-ая метка записи!
|
MARC
| LEADER | 00000nam a2200000 a 4500 | ||
|---|---|---|---|
| 001 | UCG0691 | ||
| 003 | CL-VaPUC | ||
| 008 | 100401e20090000CL |||||||||||||||||spa|d | ||
| 020 | |a 9789561906532 | ||
| 082 | 0 | 4 | |a 633.89 |b PAN |2 21 |
| 100 | |a Paneque, Manuel |e autor |9 564043 | ||
| 245 | 1 | 0 | |a Cultivos energéticos: una apuesta de futuro |
| 300 | |a 224 p | ||
| 942 | |c BK | ||
| 945 | |d 20100401 00:00:00 |a rbrito | ||
| 260 | |a Santiago |b Universidad de Chile |c 2009 | ||
| 650 | 0 | |a Cultivos energéticos |9 548185 | |
| 650 | 0 | |a Ecología |9 258124 | |
| 650 | 0 | |a Bioenergía |9 367347 | |
| 650 | 0 | |a Cultivos |9 264356 | |
| 650 | 0 | |a Biomasa |9 368068 | |
| 650 | 7 | |a BIODIESEL |2 CL-VaPUC |9 548186 | |
| 583 | |a last modification |c 20130325 06:39:13 |k Rodrigo Vera | ||
| 999 | |c 340237 |d 340235 | ||
| 952 | |0 0 |1 0 |4 0 |6 633_890000000000000_PAN_2009 |7 0 |8 A |9 434806 |a BIBAGR |b BIBAGR |d 2019-11-22 |i 4657497 |o 633.89 PAN 2009 |p 4657497 |r 2025-01-20 |w 2019-11-22 |y BK |k AGR | ||
| 952 | |0 0 |1 0 |4 0 |6 633_890000000000000_PAN_2009 |7 0 |8 A |9 434807 |a BIBMEC |b BIBMEC |d 2019-11-22 |i 4737822 |o 633.89 PAN 2009 |p 4737822 |r 2024-01-19 |w 2019-11-22 |y BK |k MEC | ||